| 000 | 00745nam a22002537a 4500 | ||
|---|---|---|---|
| 003 | UA-OsUOA | ||
| 001 | 21153 | ||
| 007 | ta | ||
| 008 | 20031120b un ||||| |||| 00| 0 ukr d | ||
| 100 | _aЯрош Б.О. | ||
| 090 |
_a94(477).08 _bЯ77 |
||
| 942 | _cBK | ||
| 040 |
_aUA-OsUOA _brus _cUA-OsUOA _dUA-OsUOA |
||
| 245 |
_aТоталітарний режим на західно-українських землях 30-50-ті роки XX століття _b(історико-політологічний аспект) |
||
| 300 | _a172 с. | ||
| 955 | _a0 | ||
| 041 | _arus | ||
| 080 | _a94(477).08 | ||
| 020 | _a5-7707-7572-6 | ||
| 260 |
_aЛуцьк _bНадстир'я _c1995 |
||
| 044 | _aUA | ||
| 650 | 7 | _2UDC | |
| 999 |
_c307346 _d307346 |
||